Tercera Asamblea de Diputaciones Provinciales Españolas : sección quinta, hacienda provincial : ponencia de la Excma. Diputación Provincial de Sevilla sección quinta, hacienda provincial :
Descripción Física:
28 p. ; 24 cm
Materias:
Diputacions províncials -- Congressos
MARC
| LEADER | 00000nam a2200000Ia 4500 | ||
|---|---|---|---|
| 001 | 17312 | ||
| 003 | BGR | ||
| 005 | 20260324180148.0 | ||
| 008 | 160829s1929 xx 000 0 cat d | ||
| 080 | |a 4208, exp. 8 | ||
| 111 | |a Asamblea de Diputaciones Provinciales Españolas |c (Sevilla : |d 1929) |9 70563 | ||
| 245 | |a Tercera Asamblea de Diputaciones Provinciales Españolas : |b sección quinta, hacienda provincial : |b ponencia de la Excma. Diputación Provincial de Sevilla | ||
| 260 | |a Sevilla : |b (Tip. Gómez Hnos.), |c 1929 | ||
| 300 | |a 28 p. ; |c 24 cm | ||
| 650 | |a Diputacions províncials |x Congressos |9 29718 | ||
| 710 | 1 | |a Sevilla (Andalusia : Província). |b Diputación |9 56534 | |
| 901 | |a Arxiu | ||
| 942 | |n 1 |2 udc |c MON | ||
| 952 | |0 0 |1 0 |4 0 |6 4208_EXP_8 |7 1 |9 54391 |a Arxiu |b Arxiu |d 2016-12-01 |l 0 |o 4208, exp. 8 |p 17312 |r 2016-12-01 00:00:00 |w 2016-12-01 |y ARXIU | ||
| 999 | |c 58260 |d 58260 | ||